000 00995nas a2200349 4500
001 BR0204427
003 BR-BrBNA
005 20231205103227.0
007 ta
008 230509b bl.|||p| |||| 00| 00por d
040 _aBR-BrBNA
_bpor
_cBiblioteca Nacional de Agricultura
041 _a(Pt)
072 _aK10; F08
100 1 _aVale, R.S. do
100 1 _aMacedo, R.L.G.
100 1 _aVenturin, N.
100 1 _aMori, F.A.
100 1 _aMorais, A.R. de
245 1 _aEfeito da desrama artificial na qualidade da madeira de clones de eucalipto em sistema agrossilvipastoril
650 _aEUCALIPTO
650 _aCLONE
650 _aMADEIRA SERRADA
650 _aAGROSSILVICULTURA
650 _aQUALIDADE
650 _aARROZ
650 _aSOJA
650 _aPASTAGEM
650 _aMINAS GERAIS
773 0 _tRevista Árvore (Brazil)
_xISSN 0100-6762
_g(May-Jun 2002), v. 26(3) p. 285-297
_wBR0204427
909 _a202311
_bLúcia
_c55
_dLúcia Elande
942 _2AGRIS
_n0
_cANA
999 _c171764
_d171764